Somerfield Stores Limited v Spring (Sutton Coldfield) Limited (in Administration) (Record no. 83119)
[ view plain ]
| 000 -LEADER | |
|---|---|
| fixed length control field | 01547cad a22002295a 4500 |
| 001 - CONTROL NUMBER | |
| control field | L152849 |
| 008 - FIXED-LENGTH DATA ELEMENTS--GENERAL INFORMATION | |
| fixed length control field | 110505e20100804xxk 000 0 eng d |
| 035 ## - SYSTEM CONTROL NUMBER | |
| System control number | (Sirsi) u152849 |
| 041 0# - LANGUAGE CODE | |
| Language code of text/sound track or separate title | eng |
| 245 00 - TITLE STATEMENT | |
| Title | Somerfield Stores Limited v Spring (Sutton Coldfield) Limited (in Administration) |
| Medium | [electronic respurce] |
| 260 ## - PUBLICATION, DISTRIBUTION, ETC. | |
| Date of publication, distribution, etc. | 2011 |
| 520 ## - SUMMARY, ETC. | |
| Summary, etc. | [2010] EWHC 2084 (Ch), 4 August 2010. Considers for the first time whether a business tenant can bring forward a hearing date to stop a landlord being able to oppose a lease renewal. Claimant (SO) sought summary judgment to allow it to progress its lease renewal after landlord (SP), refusing to grant the renewal, went into administration before reaching a trial date for its plans to redevelop the site. "Held": Not allowed. SO's case would complicate future lease renewals. A summary judgment hearing was not a final hearing and it made no sense to consider the matter at such an early stage. |
| 590 ## - LOCAL NOTE (RLIN) | |
| Local note | KA |
| 650 24 - SUBJECT ADDED ENTRY--TOPICAL TERM | |
| Topical term or geographic name entry element | SOMERFIELD STORES LTD V SPRING (SUTTON COLDFIELD) LTD |
| 650 24 - SUBJECT ADDED ENTRY--TOPICAL TERM | |
| Topical term or geographic name entry element | BETTY'S CAFES LTD V PHILLIPS FURNISHING STORES LTD (NO 1) |
| 650 24 - SUBJECT ADDED ENTRY--TOPICAL TERM | |
| Topical term or geographic name entry element | DUTCH OVEN LTD V EGHAM ESTATE AND INVESTMENT CO LTD |
| 650 24 - SUBJECT ADDED ENTRY--TOPICAL TERM | |
| Topical term or geographic name entry element | LANDLORD AND TENANT ACT 1954 S26 |
| 651 #4 - SUBJECT ADDED ENTRY--GEOGRAPHIC NAME | |
| Geographic name | England and Wales |
| Chronological subdivision | 1543- |
| 690 ## - LOCAL SUBJECT ADDED ENTRY--TOPICAL TERM (OCLC, RLIN) | |
| Topical term or geographic name as entry element | PROPERTY-COMMERCIAL PROPERTY-LEASEHOLD COMMERCIAL PROPERTY-COMMERCIAL LANDLORD AND TENANT-COMMERCIAL LEASES-COMMERCIAL LEASE RENEWAL |
| 856 40 - ELECTRONIC LOCATION AND ACCESS | |
| Uniform Resource Identifier | <a href="https://www.bailii.org/ew/cases/EWHC/Ch/2010/2084.html">https://www.bailii.org/ew/cases/EWHC/Ch/2010/2084.html</a> |
| Public note | View the law report free of charge at www.bailii.org |
| 942 ## - ADDED ENTRY ELEMENTS (KOHA) | |
| Suppress in OPAC | 0 |
| Withdrawn status | Lost status | Source of classification or shelving scheme | Damaged status | Not for loan | Home library | Current library | Shelving location | Date acquired | Total Checkouts | Full call number | Barcode | Date last seen | Copy number | Price effective from | Koha item type |
|---|---|---|---|---|---|---|---|---|---|---|---|---|---|---|---|
| Dewey Decimal Classification | Virtual | Virtual | Online | 05/05/2011 | ONLINE PUBLICATION | 152849-2001 | 06/08/2019 | 1 | 06/08/2019 | Law report |